000 00563nam a2200169 i 4500
001 56531
003 ES-MaACL
007 t|
008 031009s1945 mx ||||1| spa d
100 1 _aDilthey, Wilhelm.
_944818
245 1 0 _aPsicología y teoría del conocimiento /
_cWilhelm Dilthey ; versión, prólogo y notas de Eugenio Imaz.
250 _a[1ª ed.].
260 _aMéxico :
_bFondo de Cultura Económica,
_c1945 (
_fGráfica Panamericana)
300 _aXXIII, 486 p. ;
_c24 cm.
700 1 _aImaz, Eugenio.
_965203
852 _aES-MaACL
_jE-2282
_bR.23398
999 _c56531
_d56531